| 000 | 01158cam a22003014a 4500 | ||
|---|---|---|---|
| 001 | 740762 | ||
| 005 | 20160930110743.0 | ||
| 008 | 990305s2000 ohua 001 0 eng | ||
| 010 | _a 99020788 | ||
| 020 | _a0324008716 | ||
| 035 | _a(DLC) 99020788 | ||
| 040 |
_aDLC _cDLC _dDLC |
||
| 042 | _apcc | ||
| 050 | 0 | 0 |
_aHF5549 _b.K537 2000 |
| 082 | 0 | 0 |
_aDC 658.3 _22000 _bK67h |
| 100 | 1 | _aKleiman, Lawrence S. | |
| 245 | 1 | 0 |
_aHuman resource management: _ba managerial tool for competitive advantage/ _cLawrence S. Kleiman. |
| 250 | _a2nd edition | ||
| 260 |
_aCincinnati: _bSouth-Western College Pub., _cc2000. |
||
| 300 |
_axxvi, 483 pages: _billustrations; _c26 cm. |
||
| 500 | _aIncludes index. | ||
| 650 | 0 | _aPersonnel management. | |
| 856 | 4 | 2 |
_3Contributor biographical information _uhttp://www.loc.gov/catdir/enhancements/fy1302/99020788-b.html |
| 856 | 4 | 2 |
_3Publisher description _uhttp://www.loc.gov/catdir/enhancements/fy1302/99020788-d.html |
| 906 |
_a7 _bcbc _corignew _d1 _eocip _f19 _gy-gencatlg |
||
| 942 |
_2ddc _cDC |
||
| 999 |
_c4923 _d4923 |
||